Tous les jeux Gran Turismo (1997-2022) - Statistiques

Statistiques générales
  • Ce quiz a été pris 66 fois
    64 depuis la dernière actualisation
  • Le résultat moyen est 10 sur 13
Statistiques - réponses
Année de sortie Jeux % Correct
1997 Gran Turismo
100%
1999 Gran Turismo 2
100%
2001 Gran Turismo 3 : A-Spec
100%
2004 Gran Turismo 4
100%
2010 Gran Turismo 5
98%
2022 Gran Turismo 7
95%
2013 Gran Turismo 6
93%
2017 Gran Turismo Sport
79%
2007 Gran Turismo 5 Prologue
46%
2009 Gran Turismo PSP
44%
2003 Gran Turismo 4 Prologue
42%
2002 Gran Turismo Concept
35%
2006 Gran Turismo HD
23%
Aucun quiz correspondant
Distribution des résultats
% des personnes avec chaque résultat
Percentile par nombre de réponses
Votre historique - résultats
Vous n’avez pas pris ce quiz depuis la dernière actualisation